Take My Breath - The Weeknd Lyrics - Statistics

General Stats
  • This quiz has been taken 204 times
  • The average score is 226 of 277
Answer Stats
Hint Lyrics % Correct
my
100%
a
99%
breath
99%
breath,
99%
Verse1 I
99%
Chorus Take
99%
it
98%
And
96%
and
96%
do
95%
Do
95%
last
93%
make
93%
me
93%
the
93%
You
93%
you
93%
forever,
92%
babe
91%
be
90%
in
90%
to
90%
to-
90%
when
90%
your
90%
eyes
89%
now
89%
fire
88%
never,
88%
saw
88%
away
87%
look
87%
or
87%
like
86%
baby
85%
on
85%
dream
84%
into
84%
Pre-C It's
84%
it's
84%
is
83%
with
83%
oh
80%
Bridge oh,
80%
oh-ooh
80%
Oh-ooh
80%
she
80%
She
80%
Then
80%
all
79%
feel
79%
wanna
79%
edge
76%
okay
76%
says
76%
suddenly,
76%
fantasy
75%
love
75%
tell
75%
Tell
75%
devil
73%
Her
73%
things
73%
try
73%
does
72%
Nobody
72%
better,
70%
way
70%
what
70%
alive,
69%
feels
69%
risk
69%
yeah
68%
disguise
67%
You're
67%
close
66%
life
66%
said
65%
this
64%
Verse2 Want
64%
hold
63%
bring
62%
Bring
62%
end
62%
time
62%
who
62%
loves
60%
too
60%
don't
57%
one
57%
young
56%
heaven,
49%
tight
49%
know
48%
light
48%
Pre-C Ooh,
48%
ooh
48%
price
48%
sacrifice
48%
between
47%
Girl,
47%
pays
47%
temptation
47%
If
45%
heat
44%
yourself
43%
onto
42%
thighs
42%
offering
41%
see
39%
closer,
34%
pull
34%
they'll
21%
7x oh-oh
8%
No matching quizzes found
Score Distribution
Percent of People with Each Score
Percentile by Number Answered
Your Score History
You have not taken this quiz